| 000 | 00961nam a2200241Ia 4500 | ||
|---|---|---|---|
| 003 | Ost | ||
| 005 | 20260507075231.0 | ||
| 008 | 260507s9999||||xx |||||||||||||| ||und|| | ||
| 020 | _a1139129957 | ||
| 040 | _cfsecg | ||
| 041 | _aara | ||
| 082 | _a330 | ||
| 100 |
_aالعلاق، بشير _eمؤلف |
||
| 245 | 0 |
_aمبادئ الادارة / _c بشير العلاق |
|
| 260 |
_aعمان: _bدار اليازوري, _c2008 |
||
| 300 |
_a254 صفحة؛ _bإيضاحات ؛ _c24 سم |
||
| 504 | _aمراجع ص.251 ؛قائمة المصطلحات ص.219 | ||
| 520 | _aطبيعة العملية الادارية و تطور الفكر الاداري ، عملية الادارة ووظائفها ، العملية التخطيطية ، العملية الرقابية ، التنظيم ، التنسيق ، التشكيل ، التوجيه . | ||
| 653 | _aالادارة | ||
| 653 | _aالتنظيم | ||
| 653 | _aالرقابة | ||
| 942 | _cكتاب | ||
| 999 |
_c43564 _d43564 |
||